Normal view
MARC view
- Haeder, Herman
Entry Personal Name
001 - CONTROL NUMBER
- control field: 41070
003 - CONTROL NUMBER IDENTIFIER
- control field: NUST
005 - DATE AND TIME OF LATEST TRANSACTION
- control field: 20210314131946.0
008 - FIXED-LENGTH DATA ELEMENTS
- fixed length control field: 210314|| aca||aabn | a|a d
040 ## - CATALOGING SOURCE
- Original cataloging agency: NUST
- Transcribing agency: NUST
100 ## - HEADING--PERSONAL NAME
- Personal name: Haeder, Herman
670 ## - SOURCE DATA FOUND
- Source citation: Work cat.: (NUST): Haeder, Herman,, A hand book on the steam engine , 1920
